[Event "DM Kandidatklassen 2022"]
[Site "Svendborg"]
[Date "2022.04.16"]
[Round "5"]
[White "Easwaralingam, Adesh"]
[Black "Nielsen, Morten Majlund"]
[Result "1/2-1/2"]
[WhiteElo "2081"]
[BlackElo "2091"]
[PlyCount "49"]
[EventDate "2022.04.12"]
[EventType "swiss"]
[EventRounds "7"]
[EventCountry "DEN"]

1. e4 e5 2. Nf3 Nc6 3. Bb5 a6 4. Ba4 Nf6 5. d3 d6 6. O-O g6 7. c3 Bg7 8. Re1 b5
9. Bc2 O-O 10. a4 Bb7 11. Na3 b4 12. Nc4 d5 13. Ne3 bxc3 14. bxc3 d4 15. Rb1
Rb8 16. cxd4 Nxd4 17. Nxd4 exd4 18. Nc4 Ba8 19. Ba3 Re8 20. Qd2 Nd7 21. Qa5 Bb7
22. Bb3 Nb6 23. Bc5 Bc8 24. Nxb6 cxb6 25. Bxb6 1/2-1/2

[Event "DM Kandidatklassen 2022"]
[Site "Svendborg"]
[Date "2022.04.16"]
[Round "5"]
[White "Parra Becerra, Edgar Andre"]
[Black "Falkesgaard, Jeppe Hald"]
[Result "1-0"]
[WhiteElo "2223"]
[BlackElo "2000"]
[PlyCount "65"]
[EventDate "2022.04.12"]
[EventType "swiss"]
[EventRounds "7"]
[EventCountry "DEN"]

1. c4 Nf6 2. Nc3 g6 3. e4 d6 4. d4 Bg7 5. h3 O-O 6. Be3 e5 7. d5 Na6 8. g4 Nc5
9. f3 a5 10. Nge2 c6 11. Qd2 cxd5 12. cxd5 Bd7 13. Ng3 a4 14. Be2 Qa5 15. Nd1
Qc7 16. Rc1 Ne8 17. h4 b5 18. h5 f5 19. hxg6 hxg6 20. gxf5 gxf5 21. exf5 Bxf5
22. Bxb5 Rb8 23. Nxf5 Rxb5 24. Qc2 Qb7 25. Rg1 Rxb2 26. Nxb2 Qxb2 27. Qxb2 Nd3+
28. Ke2 Nxb2 29. Nxg7 Nxg7 30. Bh6 Rf7 31. Rxg7+ Rxg7 32. Bxg7 Kxg7 33. a3 1-0

[Event "DM Kandidatklassen 2022"]
[Site "Svendborg"]
[Date "2022.04.17"]
[Round "6"]
[White "Ramsdal, Jens Albert"]
[Black "Liu, Casper Yukun"]
[Result "1-0"]
[WhiteElo "2278"]
[BlackElo "2181"]
[PlyCount "69"]
[EventDate "2022.04.12"]
[EventType "swiss"]
[EventRounds "7"]
[EventCountry "DEN"]

1. Nf3 d5 2. g3 Nf6 3. Bg2 Bg4 4. h3 Bh5 5. c4 c6 6. O-O e6 7. d4 Be7 8. Nc3
Nbd7 9. Ne5 Nxe5 10. dxe5 Nd7 11. f4 Bc5+ 12. Kh2 f5 13. exf6 Nxf6 14. Qb3 Qe7
15. e4 d4 16. Na4 Bb4 17. a3 Ba5 18. Qd3 O-O-O 19. b4 Bc7 20. e5 Nd7 21. b5 Nc5
22. Nxc5 Qxc5 23. bxc6 bxc6 24. Bd2 Bg6 25. Qf3 Qxc4 26. Rfc1 Bc2 27. Rab1 d3
28. Rb4 Qc5 29. Be3 Qc3 30. Qe4 Rd5 31. Rc4 d2 32. Rxc2 Qxc2 33. Rxc2 d1=Q 34.
Qc4 Qd3 35. Qxc6 1-0

[Event "DM Kandidatklassen 2022"]
[Site "Svendborg"]
[Date "2022.04.17"]
[Round "6"]
[White "Nielsen, Viktor Haarmark"]
[Black "Kistrup, Nicolai"]
[Result "1-0"]
[WhiteElo "2319"]
[BlackElo "2302"]
[PlyCount "111"]
[EventDate "2022.04.12"]
[EventType "swiss"]
[EventRounds "7"]
[EventCountry "DEN"]

1. d4 Nf6 2. c4 e6 3. g3 d5 4. Nf3 Be7 5. Bg2 O-O 6. Nc3 dxc4 7. Ne5 Qd6 8.
Nxc4 Qa6 9. Qa4 Qxa4 10. Nxa4 Rd8 11. e3 Nd5 12. Nc3 c5 13. dxc5 Bxc5 14. Bd2
Nc6 15. a3 Be7 16. Rc1 Rb8 17. O-O b6 18. Rfd1 Ba6 19. Bf1 Nf6 20. Be1 b5 21.
Nd2 Ne5 22. h3 Nd3 23. Rc2 b4 24. axb4 Nxb4 25. Rcc1 Bxf1 26. Nxf1 Nd3 27. Ra1
Nxe1 28. Rxe1 Rxb2 29. Rxa7 Bb4 30. Rc1 Bxc3 31. Rxc3 Ne4 32. Rcc7 Rf8 33. Rcb7
Rxf2 34. Rb4 f5 35. Rbb7 Rxf1+ 36. Kxf1 Nxg3+ 37. Kf2 Nh5 38. Re7 f4 39. e4 f3
40. Rxe6 Nf4 41. Ree7 Nxh3+ 42. Kf1 Rb8 43. Rxg7+ Kf8 44. Rgf7+ Kg8 45. Rxf3
Ng5 46. Re3 Re8 47. e5 h6 48. Kf2 Nf7 49. Ra5 Kg7 50. Kf3 Kg6 51. Kf4 Re6 52.
Rd5 Ng5 53. Rd6 Kf7 54. Kf5 Re8 55. Rxh6 Ne6 56. Rf6+ 1-0

[Event "DM Kandidatklassen 2022"]
[Site "Svendborg"]
[Date "2022.04.17"]
[Round "6"]
[White "Thuesen, Mogens Henrik"]
[Black "Thogersen, Rasmus"]
[Result "1-0"]
[WhiteElo "2224"]
[BlackElo "2333"]
[PlyCount "99"]
[EventDate "2022.04.12"]
[EventType "swiss"]
[EventRounds "7"]
[EventCountry "DEN"]

1. d4 Nf6 2. c4 g6 3. Nc3 Bg7 4. e4 d6 5. Nf3 O-O 6. Be2 e5 7. O-O Nc6 8. d5
Ne7 9. b4 a5 10. bxa5 Rxa5 11. a4 Re8 12. Bd2 Nd7 13. Nb5 Ra8 14. Bb4 f5 15.
Nd2 Nf6 16. Bf3 Bh6 17. Re1 c5 18. dxc6 Nxc6 19. Bxd6 Nd4 20. c5 Bxd2 21. Qxd2
fxe4 22. Nxd4 exd4 23. Qxd4 exf3 24. Rxe8+ Qxe8 25. Qxf6 Rxa4 26. Rd1 Re4 27.
h3 fxg2 28. Be5 Rxe5 29. Rd8 Bxh3 30. Rxe8+ Rxe8 31. Qc3 Bd7 32. Qb3+ Re6 33.
Qxb7 Bc6 34. Qb3 Kf7 35. f3 Ke7 36. Qc3 Rf6 37. Qe5+ Kf7 38. Qc7+ Kg8 39. Kxg2
Bxf3+ 40. Kf2 Rf7 41. Qe5 Rf5 42. Qe6+ Kg7 43. Ke3 h5 44. Qd7+ Rf7 45. Qd4+ Rf6
46. Qd7+ Rf7 47. Qd4+ Rf6 48. Qd7+ Kh6 49. Qe7 Kg5 50. Kd4 1-0

[Event "DM Kandidatklassen 2022"]
[Site "Svendborg"]
[Date "2022.04.17"]
[Round "6"]
[White "Kristensen, Peter"]
[Black "Haubro, Sigfred"]
[Result "1/2-1/2"]
[WhiteElo "2095"]
[BlackElo "2192"]
[PlyCount "40"]
[EventDate "2022.04.12"]
[EventType "swiss"]
[EventRounds "7"]
[EventCountry "DEN"]

1. e4 d5 2. exd5 Qxd5 3. Nc3 Qa5 4. d4 Nf6 5. Nf3 c6 6. Bc4 Bf5 7. Bd2 Qb6 8.
Bb3 e6 9. Qe2 Nbd7 10. O-O Be7 11. Rfe1 O-O 12. h3 Qc7 13. Nh4 Bg6 14. Nxg6
hxg6 15. Ne4 Nxe4 16. Qxe4 Nf6 17. Qf3 Rfd8 18. Be3 Nd5 19. c3 Qb6 20. Bxd5
cxd5 1/2-1/2

[Event "DM Kandidatklassen 2022"]
[Site "Svendborg"]
[Date "2022.04.17"]
[Round "6"]
[White "Jacobsen, Mikkel Manosri"]
[Black "Christensen, Janus"]
[Result "1-0"]
[WhiteElo "2255"]
[BlackElo "2144"]
[PlyCount "55"]
[EventDate "2022.04.12"]
[EventType "swiss"]
[EventRounds "7"]
[EventCountry "DEN"]

1. Nc3 d5 2. d4 Bf5 3. f3 Nf6 4. Bg5 c5 5. e3 Nc6 6. Bb5 e6 7. Nge2 Be7 8. Qd2
Qb6 9. dxc5 Bxc5 10. Nd4 Bxd4 11. exd4 a6 12. Ba4 Nd7 13. Be3 Rc8 14. h4 Na5
15. Bxd7+ Kxd7 16. Na4 Qb5 17. Nc5+ Ke7 18. b3 h5 19. a4 Qb6 20. O-O Nc6 21.
Rae1 f6 22. g4 hxg4 23. fxg4 Bxg4 24. Qg2 Rxh4 25. Bg5 fxg5 26. Qxd5 Ne5 27.
Qxe5 Ke8 28. Qxg7 1-0

[Event "DM Kandidatklassen 2022"]
[Site "Svendborg"]
[Date "2022.04.17"]
[Round "6"]
[White "Hoyer, Jacob K"]
[Black "Koch Mueller, Oscar"]
[Result "1-0"]
[WhiteElo "2212"]
[BlackElo "2015"]
[PlyCount "101"]
[EventDate "2022.04.12"]
[EventType "swiss"]
[EventRounds "7"]
[EventCountry "DEN"]

1. d4 Nf6 2. c4 e6 3. Nc3 Bb4 4. Qc2 O-O 5. a3 Bxc3+ 6. Qxc3 d5 7. Bg5 dxc4 8.
Qxc4 b6 9. Nf3 Ba6 10. Qc2 Nbd7 11. Rd1 c5 12. dxc5 Qc7 13. c6 Rac8 14. Rc1 Nb8
15. Bxf6 gxf6 16. Nd4 Rfd8 17. e3 Bxf1 18. Kxf1 Nxc6 19. g3 Qb7 20. Nxc6 Kh8
21. b4 a6 22. a4 b5 23. axb5 axb5 24. Ke2 Rd6 25. Qb2 Rdxc6 26. Qxf6+ Kg8 27.
Qg5+ Kf8 28. Rxc6 Qxc6 29. Rd1 Qc4+ 30. Kf3 Qc2 31. Rd8+ Rxd8 32. Qxd8+ Kg7 33.
Qg5+ Kh8 34. Qd8+ Kg7 35. Qg5+ Kh8 36. Qe5+ Kg8 37. Qxb5 Qg6 38. Qb8+ Kg7 39.
Qe5+ Kg8 40. Qb8+ Kg7 41. Qe5+ Kg8 42. h4 Qb1 43. b5 Qh1+ 44. Ke2 Qb1 45. Qg5+
Kh8 46. h5 Qb2+ 47. Kf1 f6 48. Qc5 Qa1+ 49. Kg2 Qa8+ 50. Qc6 Qg8 51. h6 1-0

[Event "DM Kandidatklassen 2022"]
[Site "Svendborg"]
[Date "2022.04.17"]
[Round "6"]
[White "Rewitz, Poul"]
[Black "Gjesme, Marius Enevold"]
[Result "1/2-1/2"]
[WhiteElo "2279"]
[BlackElo "2005"]
[PlyCount "157"]
[EventDate "2022.04.12"]
[EventType "swiss"]
[EventRounds "7"]
[EventCountry "DEN"]

1. g3 d5 2. Bg2 e5 3. Nf3 Bd6 4. c4 dxc4 5. O-O Nf6 6. Na3 Be6 7. Qc2 O-O 8.
Nxc4 Nc6 9. d3 Re8 10. a3 Bd5 11. Be3 h6 12. b4 a6 13. Rfd1 Qe7 14. Qc1 Qe6 15.
Nxd6 cxd6 16. Qb2 Ne7 17. Bd2 Bc6 18. a4 Qd7 19. b5 axb5 20. a5 Ng6 21. Rdc1
Ra6 22. h4 Rea8 23. Ra3 Ne7 24. Rca1 Nfd5 25. e4 Nf6 26. Ne1 Nc8 27. Nc2 b6 28.
axb6 Rxa3 29. Rxa3 Rxa3 30. Qxa3 Nxb6 31. Nb4 Bb7 32. Qa7 Na4 33. d4 Bc8 34.
Qa5 exd4 35. f3 Nc5 36. Bf1 Nb3 37. Qa2 Nxd2 38. Qxd2 Qc7 39. Qxd4 Bd7 40. Nd3
Be6 41. g4 Nd7 42. g5 hxg5 43. hxg5 Bc4 44. f4 Qb6 45. Qxb6 Nxb6 46. Kf2 Kf8
47. Ke3 Ke7 48. Bh3 Kd8 49. Nb4 Kc7 50. Kd4 Nd7 51. Nd5+ Bxd5 52. Kxd5 Nb6+ 53.
Kd4 Kc6 54. Bg2 Kd7 55. Bf3 Nc8 56. Be2 Kc6 57. Bd1 Ne7 58. Bb3 Ng6 59. Bxf7
Nxf4 60. e5 Kd7 61. Ke4 Ne6 62. Kf5 Nf8 63. Ba2 dxe5 64. Kxe5 Kc6 65. Bf7 b4
66. Bb3 Kc5 67. Ba2 Ng6+ 68. Ke6 Nh4 69. Ke5 Kb5 70. Bd5 Ka4 71. Be4 b3 72. g6
b2 73. Ke6 Nf3 74. Bc2+ Ka3 75. Kf7 Ka2 76. Kxg7 Ne5 77. Kf6 Nxg6 78. Kxg6 b1=Q
79. Bxb1+ 1/2-1/2

[Event "DM Kandidatklassen 2022"]
[Site "Svendborg"]
[Date "2022.04.17"]
[Round "6"]
[White "Rendboe, John Filip"]
[Black "Meskenas, Paulius"]
[Result "1/2-1/2"]
[WhiteElo "2199"]
[BlackElo "2110"]
[PlyCount "30"]
[EventDate "2022.04.12"]
[EventType "swiss"]
[EventRounds "7"]
[EventCountry "DEN"]

1. d4 Nf6 2. c4 g6 3. Nf3 d5 4. g3 c6 5. Bg2 Bg7 6. O-O O-O 7. cxd5 cxd5 8. Nc3
Nc6 9. Bf4 b6 10. Ne5 Bb7 11. Rc1 Rc8 12. Nxc6 Bxc6 13. Qb3 Qd7 14. Rfd1 Rfd8
15. Qb4 Qb7 1/2-1/2

[Event "DM Kandidatklassen 2022"]
[Site "Svendborg"]
[Date "2022.04.17"]
[Round "6"]
[White "Le Besq, Alexander"]
[Black "Jepsen, Thomas Tange"]
[Result "1/2-1/2"]
[WhiteElo "2164"]
[BlackElo "2072"]
[PlyCount "46"]
[EventDate "2022.04.12"]
[EventType "swiss"]
[EventRounds "7"]
[EventCountry "DEN"]

1. e4 e5 2. Nf3 Nf6 3. Nxe5 d6 4. Nf3 Nxe4 5. Nc3 Nxc3 6. dxc3 Be7 7. Be3 Nc6
8. Qd2 Be6 9. Bd3 Qd7 10. O-O O-O 11. Rad1 Bf6 12. Bg5 Bxg5 13. Nxg5 Bf5 14.
Qf4 Bxd3 15. Rxd3 h6 16. Ne4 Qe6 17. Re3 Qe5 18. Qh4 Rae8 19. Rfe1 Re6 20. Ng3
Qd5 21. Rxe6 fxe6 22. Qe4 Qxe4 23. Rxe4 e5 1/2-1/2

[Event "DM Kandidatklassen 2022"]
[Site "Svendborg"]
[Date "2022.04.17"]
[Round "6"]
[White "Medhus, Vitus Bondo"]
[Black "Nilssen, Ellen Fredericia"]
[Result "0-1"]
[WhiteElo "2016"]
[BlackElo "2113"]
[PlyCount "38"]
[EventDate "2022.04.12"]
[EventType "swiss"]
[EventRounds "7"]
[EventCountry "DEN"]

1. e4 c5 2. Nf3 d6 3. d4 cxd4 4. Nxd4 Nf6 5. Nc3 a6 6. f4 e5 7. Nf3 Qc7 8. a4
Be7 9. Be2 O-O 10. O-O Nbd7 11. Nd5 Nxd5 12. exd5 exf4 13. Bxf4 Bf6 14. Rb1 Nb6
15. b4 Nxa4 16. Qd3 Nc3 17. Rb3 Bd7 18. Ng5 Nxe2+ 19. Qxe2 Bxg5 0-1

[Event "DM Kandidatklassen 2022"]
[Site "Svendborg"]
[Date "2022.04.17"]
[Round "6"]
[White "Nielsen, Philip"]
[Black "Jarlskov, Daniel Tuk Hartso"]
[Result "1/2-1/2"]
[WhiteElo "1968"]
[BlackElo "1995"]
[PlyCount "34"]
[EventDate "2022.04.12"]
[EventType "swiss"]
[EventRounds "7"]
[EventCountry "DEN"]

1. d4 Nf6 2. Bf4 g6 3. Nc3 d5 4. e3 Bg7 5. Qd2 O-O 6. O-O-O Nh5 7. Be5 f6 8.
Bg3 Nxg3 9. hxg3 c6 10. e4 Qa5 11. exd5 cxd5 12. Nf3 Nc6 13. Kb1 Rd8 14. Nb5
Qb6 15. Nc3 Qa5 16. Nb5 Qb6 17. Nc3 Qa5 1/2-1/2

[Event "DM Kandidatklassen 2022"]
[Site "Svendborg"]
[Date "2022.04.17"]
[Round "6"]
[White "Andries, Alf"]
[Black "Easwaralingam, Adesh"]
[Result "1/2-1/2"]
[WhiteElo "2019"]
[BlackElo "2081"]
[PlyCount "72"]
[EventDate "2022.04.12"]
[EventType "swiss"]
[EventRounds "7"]
[EventCountry "DEN"]

1. e4 c5 2. c3 Nf6 3. e5 Nd5 4. d4 cxd4 5. Nf3 d6 6. Qxd4 e6 7. Nbd2 Nc6 8. Bb5
Bd7 9. Bxc6 Bxc6 10. Nc4 f6 11. exd6 b5 12. Qe4 Qc8 13. Na5 Bd7 14. c4 bxc4 15.
Nxc4 Qc6 16. O-O Bxd6 17. Nxd6+ Qxd6 18. Rd1 O-O 19. Be3 Be8 20. Rac1 Bg6 21.
Qd4 Rfb8 22. Qd2 Qa6 23. b3 Bh5 24. Rc4 Rd8 25. Ra4 Qb7 26. Rd4 Rdc8 27. Rc4
Rd8 28. Rd4 h6 29. h3 Rdc8 30. Rc4 Rd8 31. Rd4 Bf7 32. Bxh6 Bh5 33. Be3 Rdc8
34. Rc4 Rd8 35. Rd4 Rdc8 36. Rc4 Rd8 1/2-1/2

[Event "DM Kandidatklassen 2022"]
[Site "Svendborg"]
[Date "2022.04.17"]
[Round "6"]
[White "Steffensen, Elena"]
[Black "Parra Becerra, Edgar Andre"]
[Result "0-1"]
[WhiteElo "2059"]
[BlackElo "2223"]
[PlyCount "92"]
[EventDate "2022.04.12"]
[EventType "swiss"]
[EventRounds "7"]
[EventCountry "DEN"]

1. e4 c5 2. Nc3 Nc6 3. g3 g6 4. Bg2 Bg7 5. d3 d6 6. f4 e6 7. Nf3 Nge7 8. O-O
O-O 9. Qe1 Rb8 10. g4 f5 11. gxf5 exf5 12. Qh4 Nd4 13. Nxd4 Bxd4+ 14. Kh1 Be6
15. e5 dxe5 16. fxe5 Nd5 17. Qxd8 Rfxd8 18. Nb5 a6 19. Nxd4 cxd4 20. Bg5 Rdc8
21. Rf2 Nb4 22. c3 dxc3 23. bxc3 Nxd3 24. Rd2 Rxc3 25. Rad1 Nc5 26. Be7 Kf7 27.
Bd6 Rc8 28. h3 g5 29. Kh2 f4 30. Rf2 b5 31. Bf3 Kg6 32. Rg1 h6 33. h4 Re3 34.
Rc1 Nd3 35. Rxc8 Bxc8 36. h5+ Kf5 37. Rc2 Be6 38. Bb7 g4 39. Rd2 g3+ 40. Kg2
Kg4 41. Bf8 f3+ 42. Bxf3+ Rxf3 43. Bxh6 Rf2+ 44. Rxf2 gxf2 45. a3 Bd5+ 46. Kf1
Kg3 0-1

[Event "DM Kandidatklassen 2022"]
[Site "Svendborg"]
[Date "2022.04.17"]
[Round "6"]
[White "Lofgren, Claes"]
[Black "Iskos, Lukas"]
[Result "1-0"]
[WhiteElo "2071"]
[BlackElo "2052"]
[PlyCount "141"]
[EventDate "2022.04.12"]
[EventType "swiss"]
[EventRounds "7"]
[EventCountry "DEN"]

1. d4 d5 2. c4 e6 3. g3 Nf6 4. Bg2 dxc4 5. Qa4+ Bd7 6. Qxc4 Bc6 7. Nf3 Bd5 8.
Qd3 c5 9. Nc3 c4 10. Qd1 a6 11. O-O b5 12. Nxd5 exd5 13. Ne5 Be7 14. a4 b4 15.
Nxc4 Nbd7 16. Ne5 Nxe5 17. dxe5 Ne4 18. Qd3 f5 19. exf6 Nxf6 20. Bg5 Qd6 21.
Rad1 Rd8 22. Bxf6 Bxf6 23. Bxd5 Bxb2 24. Bc6+ Ke7 25. Qe4+ Qe5 26. Qxb4+ Kf6
27. Qh4+ Qg5 28. Qxg5+ Kxg5 29. f4+ Kf6 30. e4 Ke7 31. Bd5 Rc8 32. Rf2 Ba3 33.
Kg2 Rb8 34. Rc2 Rb2 35. Rxb2 Bxb2 36. Rb1 Rb8 37. Kf3 Rb4 38. Ke2 Ba3 39. Rxb4
Bxb4 40. e5 Bc5 41. Kf3 a5 42. h3 Bb4 43. Ke4 Bd2 44. Bg8 h6 45. Kf5 Be1 46.
Kg4 Bf2 47. Kf3 Be1 48. g4 Bh4 49. g5 Be1 50. gxh6 gxh6 51. Ke4 Kf8 52. Bc4 Kg7
53. f5 h5 54. Be2 h4 55. Bh5 Kh6 56. Bg6 Kg5 57. Kd5 Bc3 58. Ke4 Bb2 59. Be8
Bc3 60. Bb5 Bb2 61. Be2 Bc3 62. Bg4 Bb2 63. f6 Kg6 64. Kd5 Kf7 65. Bh5+ Kf8 66.
Ke4 Kg8 67. Kf5 Ba3 68. e6 Bf8 69. e7 Bh6 70. f7+ Kh7 71. Bg6+ 1-0

[Event "DM Kandidatklassen 2022"]
[Site "Svendborg"]
[Date "2022.04.17"]
[Round "6"]
[White "Nielsen, Morten Majlund"]
[Black "Wahlgreen, Noah Krug"]
[Result "1/2-1/2"]
[WhiteElo "2091"]
[BlackElo "2011"]
[PlyCount "50"]
[EventDate "2022.04.12"]
[EventType "swiss"]
[EventRounds "7"]
[EventCountry "DEN"]

1. e4 c6 2. d4 d5 3. Nd2 dxe4 4. Nxe4 Nf6 5. Nxf6+ exf6 6. c3 Bd6 7. Bd3 O-O 8.
Ne2 Re8 9. Qc2 h5 10. Be3 Qc7 11. O-O-O h4 12. h3 Nd7 13. Kb1 Nf8 14. Rhe1 Be6
15. c4 b5 16. d5 Bd7 17. cxb5 cxb5 18. Qxc7 Bxc7 19. Nd4 a6 20. Nf5 Ng6 21. d6
Ba5 22. Bd2 Bxd2 23. Rxe8+ Rxe8 24. Rxd2 Re5 25. Ne3 Nf4 1/2-1/2

[Event "DM Kandidatklassen 2022"]
[Site "Svendborg"]
[Date "2022.04.18"]
[Round "7"]
[White "Liu, Casper Yukun"]
[Black "Thuesen, Mogens Henrik"]
[Result "0-1"]
[WhiteElo "2181"]
[BlackElo "2224"]
[PlyCount "84"]
[EventDate "2022.04.12"]
[EventType "swiss"]
[EventRounds "7"]
[EventCountry "DEN"]

1. d4 Nf6 2. Nf3 g6 3. Nc3 d5 4. Bf4 Bg7 5. Nb5 Na6 6. e3 c6 7. Nc3 Qb6 8. a3
Nh5 9. Na4 Qa5+ 10. Qd2 Qxd2+ 11. Kxd2 Nxf4 12. Bxa6 Ne6 13. Bd3 O-O 14. b4 b6
15. Rhc1 b5 16. Nb2 Nc7 17. Be2 f6 18. Nd3 e5 19. Nc5 e4 20. Ne1 f5 21. g3 g5
22. h4 f4 23. hxg5 fxg3 24. f4 exf3 25. Nxf3 Bg4 26. Ng1 Rf2 27. Nd3 Rh2 28.
Nf4 Re8 29. Rf1 Ne6 30. Nxe6 Rxe6 31. Rf4 Bh5 32. Nf3 Bxf3 33. Rxf3 Bxd4 34.
Raf1 Be5 35. Rf8+ Kg7 36. R8f7+ Kg6 37. Rxa7 d4 38. Ra8 dxe3+ 39. Kd3 Rf2 40.
Rg8+ Kf7 41. Rd8 Rxf1 42. Bxf1 e2 0-1

[Event "DM Kandidatklassen 2022"]
[Site "Svendborg"]
[Date "2022.04.18"]
[Round "7"]
[White "Ramsdal, Jens Albert"]
[Black "Nielsen, Viktor Haarmark"]
[Result "0-1"]
[WhiteElo "2278"]
[BlackElo "2319"]
[PlyCount "56"]
[EventDate "2022.04.12"]
[EventType "swiss"]
[EventRounds "7"]
[EventCountry "DEN"]

1. c4 c5 2. Nf3 Nc6 3. Nc3 g6 4. e3 Bg7 5. d4 d6 6. d5 Ne5 7. Nxe5 Bxe5 8. Be2
Bg7 9. O-O Nf6 10. Qc2 O-O 11. h3 e6 12. Bf3 e5 13. Rb1 Nd7 14. Bd2 f5 15. b4
e4 16. Be2 Ne5 17. bxc5 dxc5 18. a4 g5 19. a5 f4 20. exf4 gxf4 21. Nxe4 f3 22.
Bg5 Qe8 23. gxf3 Qg6 24. h4 h6 25. h5 Qxh5 26. Be7 Qg6+ 27. Kh1 Rf5 28. f4 Rh5+
0-1

[Event "DM Kandidatklassen 2022"]
[Site "Svendborg"]
[Date "2022.04.18"]
[Round "7"]
[White "Kistrup, Nicolai"]
[Black "Hoyer, Jacob K"]
[Result "1-0"]
[WhiteElo "2302"]
[BlackElo "2212"]
[PlyCount "125"]
[EventDate "2022.04.12"]
[EventType "swiss"]
[EventRounds "7"]
[EventCountry "DEN"]

1. d4 Nf6 2. c4 g6 3. Nc3 d5 4. cxd5 Nxd5 5. e4 Nxc3 6. bxc3 Bg7 7. Nf3 c5 8.
Be3 O-O 9. Be2 cxd4 10. cxd4 Qa5+ 11. Bd2 Qa3 12. O-O Bg4 13. Rb1 Qxa2 14. d5
e6 15. h3 Bxf3 16. Bxf3 Nd7 17. Bb4 Rfe8 18. dxe6 Qxe6 19. Bg4 f5 20. exf5 gxf5
21. Bf3 Nf6 22. Bxb7 Rab8 23. Bc5 a5 24. Qa4 Ne4 25. Qxa5 Nc3 26. Rb6 Qc4 27.
Ba6 Qe4 28. Qb4 Qe5 29. Qc4+ Kh8 30. Bd6 Rxb6 31. Bxe5 Bxe5 32. Re1 Ne4 33. Bc8
Nd6 34. Rxe5 Nxc4 35. Rxe8+ Kg7 36. Re7+ Kg6 37. Bd7 Nd6 38. Re6+ Kf7 39. g3
Rb1+ 40. Kg2 Rd1 41. Rh6 Kg7 42. Rh4 Rd2 43. Kf3 Kg6 44. Ke3 Nc4+ 45. Rxc4 Rxd7
46. Rc6+ Kg5 47. h4+ Kg4 48. Rc4+ Kh5 49. Kf4 Rf7 50. Rc5 Kg6 51. h5+ Kxh5 52.
Rxf5+ Kg6 53. Rxf7 Kxf7 54. Kf5 Ke7 55. Kg5 Kf7 56. Kh6 Kg8 57. g4 Kh8 58. g5
Kg8 59. g6 hxg6 60. Kxg6 Kf8 61. Kf6 Kg8 62. f4 Kf8 63. f5 1-0

[Event "DM Kandidatklassen 2022"]
[Site "Svendborg"]
[Date "2022.04.18"]
[Round "7"]
[White "Nilssen, Ellen Fredericia"]
[Black "Kristensen, Peter"]
[Result "1-0"]
[WhiteElo "2113"]
[BlackElo "2095"]
[PlyCount "135"]
[EventDate "2022.04.12"]
[EventType "swiss"]
[EventRounds "7"]
[EventCountry "DEN"]

1. Nf3 Nf6 2. c4 e6 3. e3 d5 4. b3 Be7 5. Be2 O-O 6. O-O Nbd7 7. Bb2 b6 8. cxd5
exd5 9. Nc3 Bb7 10. Rc1 Ne4 11. Qc2 a6 12. Nd4 c5 13. Nf5 Bf6 14. Rfd1 Be5 15.
d4 cxd4 16. Nxe4 dxe4 17. Bxd4 Rc8 18. Qb2 Qf6 19. Ng3 g6 20. Rxc8 Rxc8 21. Bg4
Rc7 22. Qe2 Bxd4 23. exd4 Qf4 24. Bxd7 Rxd7 25. Nf1 Qf6 26. Qc4 Qd6 27. Ne3 Rc7
28. Qe2 b5 29. Qg4 a5 30. Qg5 Ba6 31. Nf5 Qd7 32. Nh6+ Kg7 33. Ng4 Qf5 34. Qh6+
Kg8 35. Ne3 Qh5 36. Qxh5 gxh5 37. h4 b4 38. Rd2 Kg7 39. Kh2 Kg6 40. Kg3 Bd3 41.
Kf4 f5 42. Ke5 Re7+ 43. Kd6 Re8 44. g3 Rc8 45. Kd7 Ra8 46. d5 a4 47. d6 Kf6 48.
Nd5+ Ke5 49. Nxb4 Bb5+ 50. Kc7 Ke6 51. Nc6 Bxc6 52. Kxc6 axb3 53. axb3 Rc8+ 54.
Kb7 Kd7 55. b4 Rc3 56. b5 Rd3 57. Rc2 Kxd6 58. b6 e3 59. fxe3 Rxe3 60. Kb8 Rxg3
61. b7 Ke5 62. Kc7 Rg7+ 63. Kb6 Rxb7+ 64. Kxb7 Kf4 65. Rg2 h6 66. Kc6 Kf3 67.
Rg6 f4 68. Kd5 1-0

[Event "DM Kandidatklassen 2022"]
[Site "Svendborg"]
[Date "2022.04.18"]
[Round "7"]
[White "Thogersen, Rasmus"]
[Black "Rewitz, Poul"]
[Result "1-0"]
[WhiteElo "2333"]
[BlackElo "2279"]
[PlyCount "55"]
[EventDate "2022.04.12"]
[EventType "swiss"]
[EventRounds "7"]
[EventCountry "DEN"]

1. e4 c6 2. d4 d5 3. Nd2 dxe4 4. Nxe4 Nf6 5. Nxf6+ exf6 6. c3 Bd6 7. Bd3 O-O 8.
Qc2 Re8+ 9. Ne2 h5 10. Be3 Nd7 11. O-O-O Nf8 12. c4 a5 13. Kb1 a4 14. a3 Bd7
15. Nc3 Qa5 16. h3 h4 17. Ka1 b5 18. c5 Bb8 19. Na2 Be6 20. Be4 Bb3 21. Qd3
Bxd1 22. Rxd1 Rd8 23. Nb4 Ra6 24. Bxc6 Nd7 25. Nxa6 Qxa6 26. Bxb5 Qa8 27. d5
Be5 28. f4 1-0

[Event "DM Kandidatklassen 2022"]
[Site "Svendborg"]
[Date "2022.04.18"]
[Round "7"]
[White "Gjesme, Marius Enevold"]
[Black "Rendboe, John Filip"]
[Result "1/2-1/2"]
[WhiteElo "2005"]
[BlackElo "2199"]
[PlyCount "28"]
[EventDate "2022.04.12"]
[EventType "swiss"]
[EventRounds "7"]
[EventCountry "DEN"]

1. e4 c5 2. Nf3 Nc6 3. Bb5 g6 4. Bxc6 dxc6 5. d3 Bg7 6. h3 e5 7. O-O Qe7 8. Be3
Nf6 9. Nbd2 O-O 10. Nc4 Nd7 11. a4 b6 12. Re1 Rd8 13. c3 Nf8 14. Qc2 Ba6
1/2-1/2

[Event "DM Kandidatklassen 2022"]
[Site "Svendborg"]
[Date "2022.04.18"]
[Round "7"]
[White "Jarlskov, Daniel Tuk Hartso"]
[Black "Le Besq, Alexander"]
[Result "1/2-1/2"]
[WhiteElo "1995"]
[BlackElo "2164"]
[PlyCount "111"]
[EventDate "2022.04.12"]
[EventType "swiss"]
[EventRounds "7"]
[EventCountry "DEN"]

1. c4 b6 2. Nc3 Bb7 3. d4 e6 4. Nf3 Nf6 5. e3 d5 6. Be2 Nbd7 7. O-O Be7 8. a3
c5 9. b3 O-O 10. Bb2 Rc8 11. cxd5 Nxd5 12. Nxd5 Bxd5 13. Rc1 Bf6 14. Ba6 Rc7
15. Qc2 g6 16. Rfd1 Bxf3 17. gxf3 Qe7 18. f4 Nb8 19. Bf1 Rfc8 20. d5 exd5 21.
Rxd5 Qe6 22. Rcd1 Bxb2 23. Rd8+ Kg7 24. Qxb2+ Qf6 25. Qxf6+ Kxf6 26. Rxc8 Rxc8
27. Bh3 Rg8 28. e4 Ke7 29. Kf1 Rd8 30. Rxd8 Kxd8 31. Ke2 Kc7 32. Kd3 b5 33. f5
Kd6 34. f4 f6 35. Bg4 g5 36. fxg5 fxg5 37. a4 Nd7 38. Be2 b4 39. a5 Ne5+ 40.
Ke3 Nc6 41. a6 Na5 42. Kf3 Nxb3 43. Kg4 Nc1 44. Bd1 b3 45. Kxg5 c4 46. Kh6 c3
47. f6 Ke6 48. Kg7 c2 49. Bxc2 bxc2 50. f7 Ne2 51. f8=Q c1=Q 52. Qf5+ Ke7 53.
Qe5+ Kd8 54. Qd5+ Kc7 55. Qb7+ Kd6 56. Qd5+ 1/2-1/2

[Event "DM Kandidatklassen 2022"]
[Site "Svendborg"]
[Date "2022.04.18"]
[Round "7"]
[White "Christensen, Janus"]
[Black "Meskenas, Paulius"]
[Result "1/2-1/2"]
[WhiteElo "2144"]
[BlackElo "2110"]
[PlyCount "38"]
[EventDate "2022.04.12"]
[EventType "swiss"]
[EventRounds "7"]
[EventCountry "DEN"]

1. d4 Nf6 2. c4 g6 3. Nf3 Bg7 4. g3 c6 5. Bg2 d5 6. O-O O-O 7. Nc3 b6 8. Ne5
Bb7 9. cxd5 cxd5 10. Qb3 Nc6 11. e3 e6 12. Nxc6 Bxc6 13. Bd2 Qd7 14. a4 a5 15.
Rfc1 Rfc8 16. Bf1 Ne8 17. Nb5 Bf8 18. Rc2 Bb7 19. Rac1 Rxc2 1/2-1/2

[Event "DM Kandidatklassen 2022"]
[Site "Svendborg"]
[Date "2022.04.18"]
[Round "7"]
[White "Jepsen, Thomas Tange"]
[Black "Koch Mueller, Oscar"]
[Result "1/2-1/2"]
[WhiteElo "2072"]
[BlackElo "2015"]
[PlyCount "31"]
[EventDate "2022.04.12"]
[EventType "swiss"]
[EventRounds "7"]
[EventCountry "DEN"]

1. d4 Nf6 2. c4 e6 3. Nf3 b6 4. g3 Bb7 5. Bg2 Be7 6. O-O O-O 7. Nc3 Ne4 8. Nxe4
Bxe4 9. b3 c5 10. Bb2 Bf6 11. Qd2 cxd4 12. Bxd4 d5 13. Bxf6 Qxf6 14. cxd5 Bxd5
15. Rac1 Na6 16. Qc3 1/2-1/2